000 00670pam a2200217 a 4500
001 1560727
005 20180215085552.0
008 920804s1993 caua 001 0 eng
010 _a 92029674
020 _a0534179649
040 _aDLC
_cDLC
_dDLC
041 _aeng
080 _a512.5 AND
082 0 0 _a512.5 AND
_220
100 1 _a39
101 _aMAT
245 1 0 _aElementary linear algebra /
_cby Stephen Andrilli, David Hecker.
906 _a7
_bcbc
_corignew
_d1
_eocip
_f19
_gy-gencatlg
942 _2ddc
_cBK
999 _c42688
_d42688